UNC Basketball Players - Statistics

General Stats
  • This quiz has been taken 28 times
  • The average score is 28 of 58
Answer Stats
Picture Answer % Correct
Armando Bacot
95%
Caleb Love
95%
Caleb Wilson
95%
Michael Jordan
95%
RJ Davis
91%
Seth Trimble
91%
Coby White
86%
Luke Maye
86%
Brady Manek
82%
Cameron Johnson
82%
Cormac Ryan
82%
Elliot Cadeau
82%
Henri Veesaar
82%
Leaky Black
82%
Tyler Hansbrough
82%
Derek Dixon
77%
Joel Berry II
73%
Marcus Paige
73%
Vince Carter
73%
Cole Anthony
68%
Theo Pinson
68%
Harrison Ingram
64%
Jalen Washington
64%
Justin Jackson
64%
Brice Johnson
59%
Jae'Lyn Withers
55%
Kennedy Meeks
50%
Tyler Zeller
50%
Harrison Barnes
45%
Danny Green
41%
Garrison Brooks
41%
James Worthy
41%
Isaiah Hicks
36%
Kenny Williams III
36%
Nassir Little
32%
Nate Britt
32%
Tony Bradley
32%
Eric Montross
27%
John Henson
27%
Kenny Smith
27%
Brandon Robinson
23%
JP Tokoto
23%
Kendall Marshall
23%
Rasheed Wallace
23%
Ty Lawson
23%
Raymond Felton
18%
Antawn Jamison
14%
James Michael Mcadoo
14%
Joel James
14%
Reggie Bullock
14%
Wayne Ellington
14%
Anthony Harris
9%
Desmond Hubert
9%
PJ Hairston
9%
Sterling Manley
9%
Stilman White
9%
Ed Davis
5%
Marcus Ginyard
5%
No matching quizzes found
Score Distribution
Percent of People with Each Score
Percentile by Number Answered
Your Score History
You have not taken this quiz